Normal view
MARC view
Entry Topical Term
001 - CONTROL NUMBER
- control field: 6268
003 - CONTROL NUMBER IDENTIFIER
- control field: BD-RjUL
005 - DATE AND TIME OF LATEST TRANSACTION
- control field: 20221211154533.0
008 - FIXED-LENGTH DATA ELEMENTS
- fixed length control field: 221211|| aca||aabn | a|a d
040 ## - CATALOGING SOURCE
- Original cataloging agency: BD-RjUL
- Transcribing agency: BD-RjUL
150 ## - HEADING--TOPICAL TERM
- Topical term or geographic name entry element: Glass
- Form subdivision: Ceramic and allied technologies
670 ## - SOURCE DATA FOUND
- Source citation: Work cat.: (BD-RjUL)80951: Ahsan, Md. Rafiqul 6267, Morphogenesis of Mo-Sio2-p2o5 Glasses /, 2002